Statistics for Royal Navy Ranks

Click here to take the quiz!

General Stats

  • This quiz has been taken 1,453 times
  • The average score is 10 of 15

Answer Stats

HintAnswer% Correct
OF-9Admiral
94%
OF-5Captain
90%
OF-2Lieutenant
83%
OF-4Commander
78%
OF-7Rear Admiral
74%
OR-6Petty Officer
68%
OF-8Vice Admiral
68%
OF-6Commodore
67%
OF-10Admiral of the Fleet
60%
OR-2Able Seaman
59%
OF-3Lieutenant-Commander
59%
OR-7Chief Petty Officer
55%
OR-8/9Warrant Officer
53%
OF-1Sub-Lieutenant
47%
OR-4Leading Rate
32%

Score Distribution

Percentile by Number Answered

Percent of People with Each Score

Your Score History

You have not taken this quiz